000
00283nam a22001337a 4500
008
170706b xxu||||| |||| 00| 0 eng d
020
_a
0316919969
041
_a
eng
080
_a
821.18
100
_a
22
101
_a
GJL
245
_a
WRITING POEMS
_c
WALLAGE, R
942
_2
udc
_c
BK
999
_c
19987
_d
19987